Statistics for Disney Couples

Click here to take the quiz!

General Stats

  • This quiz has been taken 139 times
  • The average score is 11 of 15

Answer Stats

HintAnswer% Correct
Peter + WendyPeter Pan
94%
Simba + NalaThe Lion King
94%
Ariel + EricThe Little Mermaid
94%
Aladdin + JasmineAladdin
92%
Belle + AdamBeauty and the Beast
90%
Robin + MarianRobin Hood
84%
Mowgli + ShantiThe Jungle Book
84%
Thumper + Miss BunnyBambi
78%
Barbie + KenToy Story
69%
Pongo + Perdita101 Dalmatians
68%
Dutchess + ThomasThe Aristocats
62%
Mickey + MinnieMickey Mouse
58%
Tod + VixeyThe Fox and the Hound
44%
Bernard + Miss BiancaThe Rescuers
44%
Pacha + ChichaThe Emperor's New Groove
26%

Score Distribution

Percentile by Number Answered

Percent of People with Each Score

Your Score History

You have not taken this quiz